000
00339 a2200157 4500
001
190857
020
_a
978-85-62637-07-0
040
_c
Magnum
100
_a
Ribeiro, Jonas
240
1
0
_a
As meninas descalças
_l
por
245
1
0
_a
As meninas descalças
300
_a
24
362
0
_a
2009
697
_a
LITERATURA INFANTO
942
_c
BK
999
_c
190857
_d
190857